| 000 | 00707nam a2200265Ia 4500 | ||
|---|---|---|---|
| 003 | OSt | ||
| 005 | 20220918164919.0 | ||
| 006 | a|||||r|||| 00| 0 | ||
| 007 | ta | ||
| 008 | 220917b |||||||| |||| 00| 0 eng d | ||
| 020 | _a0813312175 (pbk) | ||
| 024 | _a183,603 | ||
| 037 | _cTextual | ||
| 040 |
_aARTS _cARTS _beng |
||
| 041 |
_2eng _aeng |
||
| 082 | _aP, N6(SC) | ||
| 100 |
_aHanks William F. _921640 |
||
| 245 | 0 | _aLanguage and communicative practices | |
| 260 |
_aUSA _bWestview press _c1996 |
||
| 300 |
_axv,335p _ccm. |
||
| 490 | _aCritical essays in anthropology | ||
| 650 | _aLINGUISTICS | ||
| 942 |
_hP, N6(SC) _cTEXL _2CC |
||
| 999 |
_c127369 _d127369 |
||